| 000 | 00907nam0a22002531 4500 | ||
|---|---|---|---|
| 001 | rc\757087 | ||
| 005 | 20250622122033.0 | ||
| 035 | _a(NLR Aleph) 006285070 | ||
| 090 |
_a7090174 _c7090174 |
||
| 100 | _a20040301d1985 |||y0rusy50 ca | ||
| 101 | 0 | _arus | |
| 102 | _aRU | ||
| 105 | _aa ||||||||| | ||
| 200 | 1 |
_aТравянистые растения широколиственных лесов СССР _eЭкол.-флорист. и интродукц. характеристика _fОтв. ред. В.Н. Былов |
|
| 210 |
_aМ. _cНаука _d1985 |
||
| 215 |
_a205 с. _cил. _d21 |
||
| 300 | _aВ надзаг.: АН СССР, Гл. ботан. сад | ||
| 320 | _aБиблиогр.: с. 164-176 | ||
| 700 | 1 |
_aКарписонова _bР.А. _gРимма Анатольевна |
|
| 801 | 0 |
_aRU _bNLR _gpsbo |
|
| 801 | 1 |
_aRU _bELAR _2rusmarc |
|
| 852 |
_aNLR _j85-5/4394 |
||
| 942 | _cBOOK | ||
| 980 | _aNB | ||